| 000 | 01179nam a22001817a 4500 | ||
|---|---|---|---|
| 999 |
_c63788 _d63788 |
||
| 003 | Ge_BSU | ||
| 005 | 20260113204607.0 | ||
| 008 | 260113s1973 ge ||||| |||| 00| 0 geo d | ||
| 041 | _ageo | ||
| 080 | _a330.12(47+57) :329.150.5:338.2 ნ-38 | ||
| 100 |
_aნაჭყებია, ლ. _97410 |
||
| 245 |
_aმშრომელთა კეთილდღეობის გაუმჯობესება პარტიის ეკონომიური პოლიტიკის უმაღლესი მიზანია / _cლ. ნაჭყებია; საქართველოს კპ ცკ-ის და თბილისის კომ-ტის პოლიტ. განათლ. რესპ. სახლი. |
||
| 264 |
_aთბილისი : _bსაქართველოს კპ ცკ-ის გამ-ბა, _c 1973. |
||
| 300 |
_a99 გვ. ; _b16 სმ. |
||
| 653 | _aმშრომელთა კეთილდღეობის გაუმჯობესება სსრ კავშირში | ||
| 653 | _aსკკპ ეკონომიური პოლიტიკა | ||
| 942 |
_2udc _cᲬᲘᲒᲜᲘ |
||